Análisis y mejoramiento de la calidad del programa de investigación dirigida, brindado por la Universidad de Costa Rica por medio de la Escuela de Ingeniería Industrial
Wedi'i Gadw mewn:
| Prif Awdur: | |
|---|---|
| Fformat: | Llyfr |
| Cyhoeddwyd: |
San José, C.R.
1998
|
| Pynciau: | |
| Tagiau: |
Ychwanegu Tag
Dim Tagiau, Byddwch y cyntaf i dagio'r cofnod hwn!
|
MARC
| LEADER | 00000nam a2200000Ia 4500 | ||
|---|---|---|---|
| 003 | 008404 | ||
| 005 | 20221231144225.0 | ||
| 008 | 140114s1998 cr a m 000 ||s d | ||
| 040 | |c cru CEDI | ||
| 090 | |a TFG 3807 | ||
| 100 | |a Sánchez E., Loreta |9 9120 | ||
| 245 | |a Análisis y mejoramiento de la calidad del programa de investigación dirigida, brindado por la Universidad de Costa Rica por medio de la Escuela de Ingeniería Industrial | ||
| 260 | |c 1998 |a San José, C.R. | ||
| 300 | |a 229, [100] hojas : ilustraciones | ||
| 500 | |a Proyecto de graduación(licenciatura en ingeniería industrial)--Universidad de Costa Rica. Facultad de Ingeniería. Escuela de Ingeniería Industrial | ||
| 650 | |x UNIVERSIDAD DE COSTA RICA.. FACULTAD DE INGENIERIA. ESCUELA DE INGENIERIA INDUSTRIAL - INVESTIGACIONES |x UNIVERSIDAD DE COSTA RICA.. FACULTAD DE INGENIERIA. ESCUELA DE INGENIERIA INDUSTRIAL - PLANES DE ESTUDIO |x CALIDAD DE LA EDUCACION |x EVALUACION |9 9121 | ||
| 942 | |c TFG | ||
| 999 | |c 18681 |d 18681 | ||
